|
|
|
|
| LEADER |
00989nab a2200253 i 4500 |
| 001 |
misc65908 |
| 005 |
20221026104910.0 |
| 008 |
220614s1954 hu o 0|| ger d |
| 040 |
|
|
|a SZTE Miscellanea Repozitórium
|b hun
|
| 041 |
|
|
|a ger
|
| 100 |
1 |
|
|a Liimola Matti
|
| 245 |
1 |
0 |
|a Manysi (vogul) népköltési gyűjtemény. 3/2. kötet, Medveénekek
|h [elektronikus dokumentum] :
|b az obi-ugor medvetisztelet : Buchbesprechung /
|c Liimola Matti
|
| 260 |
|
|
|c 1954
|
| 300 |
|
|
|a 77-90
|c 25 cm
|
| 300 |
|
|
|a [24] p.
|c 25 cm
|
| 490 |
0 |
|
|a Finnisch-ugrischen Forschungen
|
| 561 |
|
|
|a Németh Gyula hagyaték
|
| 591 |
|
|
|a NOU 3300
|
| 650 |
|
4 |
|a Társadalomtudományok
|
| 650 |
|
4 |
|a Szociológia
|
| 695 |
|
|
|a Folklór - vogul - könyvismertetés, Népköltészet - vogul - könyvismertetés, Vogul irodalom - költészet - könyvismertetés
|
| 700 |
0 |
1 |
|a Munkácsi Bernát
|
| 700 |
0 |
1 |
|a Kálmán Béla
|
| 856 |
4 |
0 |
|u http://misc.bibl.u-szeged.hu/65908/1/3300_nou_l66.pdf
|z Dokumentum-elérés
|